000 00881nam a22002417a 4500
001 79685
003 BD-RjUL
005 20220411132356.0
008 220411s1970 bg a|||| m||| 00| 0 eng d
035 _a(BD-RjUL)79685
040 _aBD-RjUL
_beng
_cBD-RjUL
_dBD-RjUL
041 _aeng
082 _223
_a914.1443
_bARA 1970
100 _aArephin, Serajul
_92379
245 1 0 _aAspects of the social Geography of Glasgow /
_cSerajul, Arephin ;
_6Supervisor : D. R. Diamond
260 _aGlasgow :
_bDepartment of Glasgow, faculty Arts, University of Glasgow ,
_c1970
300 _axvi, 488 leaves :
_bill, ;
_c29.cm.
502 _aThesis (Ph.D.) -- Department of Glasgow faculty Arts, University of Glasgow , 1970
504 _aReferences : Leaves 456 - 488
650 _asocial Geography
_vAspects
_xGlasgow
_92380
700 _aDiamond, D. R. Supervisor
_92381
942 _2ddc
_cTHE
999 _c79685
_d79685